2026 Nascar Cup Series Drivers - Statistics

General Stats
  • This quiz has been taken 92 times
  • The average score is 31 of 36
Answer Stats
Team Car Driver % Correct
Hendrick 5 Kyle Larson
98%
RCR 3 Austin Dillon
96%
Joe Gibbs 11 Denny Hamlin
96%
RCR 8 Kyle Busch
96%
Trackhouse 1 Ross Chastain
96%
Penske 12 Ryan Blaney
96%
Kaulig 10 Ty Dillon
96%
RFK 6 Brad Keselowski
95%
Penske 22 Joey Logano
95%
Penske 2 Austin Cindric
93%
Hendrick 9 Chase Elliott
93%
23XI 23 Bubba Wallace
91%
Hendrick 24 William Byron
91%
Hendrick 48 Alex Bowman
89%
23XI 45 Tyler Reddick
89%
Joe Gibbs 19 Chase Briscoe
88%
Joe Gibbs 20 Christopher Bell
88%
Wood Bros 21 Josh Berry
88%
Joe Gibbs 54 Ty Gibbs
88%
RFK 17 Chris Buescher
86%
Trackhouse 88 Connor Zillisch
86%
Spire 7 Daniel Suarez
86%
Trackhouse 97 Shane Van Gisbergen
86%
Spire 77 Carson Hocevar
84%
Front Row 4 Noah Gragson
84%
Kaulig 16 AJ Allmendinger
82%
Rick Ware 51 Cody Ware
82%
Legacy 43 Erik Jones
82%
Spire 71 Michael McDowell
82%
Haas 41 Cole Custer
79%
Legacy 42 John Hunter Nemechek
79%
RFK 60 Ryan Preece
79%
Hyak 47 Ricky Stenhouse Jr
77%
23XI 35 Riley Herbst
77%
Front Row 34 Todd Gilliland
77%
Front Row 38 Zane Smith
75%
No matching quizzes found
Score Distribution
Percent of People with Each Score
Percentile by Number Answered
Your Score History
You have not taken this quiz